Nalaganje...

Chhoo mantar

Bibliografske podrobnosti
Glavni avtor: Pratap Sehgal
Format: Printed Book
Izdano: New Delhi Kithabghar 2004
Teme:
LEADER 00582nam a22001931a 4500
020 |a 9788170166610  |c 0.00 
040 |a SSUS - Library - Kalady 
082 |a H2  |b PRA/C 
100 |a Pratap Sehgal 
245 |a Chhoo mantar  |h [Text] 
260 |a New Delhi  |b Kithabghar  |c 2004 
300 |a 99p. 
600 |a Drama Hindi 
600 |a Literature Hindi 
600 |a Literature 
852 |h H2  |i PRA/C  |p 054185  |9 75.00  |t 0 
942 |c BK 
999 |c 7327  |d 7327 
952 |0 0  |1 0  |4 0  |6 H_2_000000000000000_PRA_C  |7 0  |9 11043  |a SSUS  |b SSUS  |d 2015-01-08  |g 75.00  |o H2 PRA/C  |p 054185  |r 2015-01-08  |v 0.00  |w 2015-01-08  |y BK